00559 a2200145 4500003000500000005001700005040000900022082001500031100002200046245004200068260003200110300001000142505025100152650001000403Nust20230131131814.0 cNust a808.83,NIC aNichols, Beverley aMen Do Not Weep / cBeverley Nichols, aLondonbJonathan Capec1941 a287 p aMen do Not Weep (Page-43), The Flight That Failed (Page-89), A modern Rosary (Page-113), Sea Change (Page-137), Snake in the Grass (Page-165), The Miracle (Page-197), Faith (Page-215), The Wishing Well (Page-243), The Man Man Escaped (Page-275).  aNovel